000 00661nam a22001577a 4500
999 _c60498
_d60498
005 20230814160034.0
008 230808s1966 gw ||||| |||| 00| 0 ger d
041 _ager
080 _a94(038) F-52
100 _aFilip, Jan
_919633
245 _aEnzyklopädisches Handbuch zur Ur- und Frühgeschichte Europas :
_bBand 1 (A-K) /
_cJan Filip.
264 _aPrague,
_c1966.
300 _a664 p.:
_bill.;
_c24 cm.
653 _aენციკლოპედიური სახელმძღვანელო ევროპის პრეისტორიისა და ადრეული ისტორიის შესახებ
942 _2udc
_cBK